Score 0/18 Timer 10:00
0 Plays Today
% Correct
Elkhart
85%
Goshen
85%
Middlebury
75%
Dunlap
75%
New Paris
75%
Bristol
70%
Wakarusa
70%
Nappanee
65%
Millersburg
60%
% Correct
Jimtown
60%
Southwest
55%
Simonton Lake
50%
Foraker
45%
Benton
45%
Waterford Mills
40%
Locke
40%
Vistula
25%
Bonneyville Mills
25%
Remove Ads.
Support Sporcle.
Get the best of Sporcle when you Go Orange. This ad-free experience offers more features, more stats, and more fun while also helping to support Sporcle. Thank you for becoming a member.

You're not logged in!

Compare scores with friends on all Sporcle quizzes.
OR
Log In

Show Comments

Extras

Created Aug 13, 2016ReportNominate
Tags:County, Indiana, locale

Top Quizzes Today


Score Distribution

Your Account Isn't Verified!

In order to create a playlist on Sporcle, you need to verify the email address you used during registration. Go to your Sporcle Settings to finish the process.

Report this User

Report this user for behavior that violates our Community Guidelines.

Details: